00431nam a2200169Ia 450000500170000000800410001704000190005804100120007708200210008910000250011024500310013526000340016630000090020065000230020965100190023285000100025120230404094651.0131103s9999 xx 000 0 und d aLoreto College aEnglish aTAG 891.441bTAG aTagore, Rabindranath aCharacRabindranath Tagore aCalcuttabViswa-Bharatic1941 a52p  aBengali Literature aBengali Poetry aLCLIB